00957nab a22001817a 4500003000400000005001700004008004100021040000700062100002700069245008800096260007200184300001500256500003900271505021800310505008900528650002000617773013800637OSt20260110010037.0190605e xxu||||| |||| 00| 0 spa d cPJ aMoscuzza, Stella Maris10aAlgunos aspectos del régimen laboral de la gente de mar /cStella Maris Moscuzza. aCiudad Autónoma de Buenos Aires :bThomson Reuters La Ley,c2023. ap. 105-124 aCita: TR LALEY AR/DOC/1873/2023.  aSumario: I. Introducción.— II. Las fuentes de derechos para el trabajo de la gente de mar.— III. Las particularidades del trabajo marítimo.— IV. Reflexiones finales.— V. Bibliografía complementaria.  t¿Te interesa el texto completo? Solicitalo al correo: koha@justierradelfuego.gov.ar 0aDERECHO LABORAL0 02711dCiudad Autónoma de Buenos Aires : Thomson Reuters La Ley, 1999-2002.tRevista de derecho del trabajo. Nº 5 - Septiembre 2023